| 000 | 00699nam a2200229Ia 4500 | ||
|---|---|---|---|
| 003 | OSt | ||
| 005 | 20230524115707.0 | ||
| 008 | 210423s2012 xx 000 0 und d | ||
| 020 | _a978-81-316-0469-4 | ||
| 040 | _cAL | ||
| 041 | _aeng | ||
| 082 |
_a362.1068 MANT _223 |
||
| 100 |
_aMANJUNATH (Usha). _9112307 |
||
| 245 | _aTotal quality service in healthcare: an empirical investigation. | ||
| 260 |
_aNew Delhi _bRawat Publications _c2012 |
||
| 300 |
_axiv,273 _bHB |
||
| 365 |
_b500 _cINR |
||
| 650 |
_aSocial Welfare Problems & Services _9112308 |
||
| 650 |
_aSocial Work _9112309 |
||
| 906 | _aan ; empirical ; healthcare: ; investigation. ; quality ; service ; Total | ||
| 942 |
_2ddc _cBK |
||
| 999 |
_c165418 _d165418 |
||